000 01171nam a22002897a 4500
001 BD-DhSAU 9032
003 BD-DhSAU
005 20190515141748.0
008 150612b2017 bg a||||r|||| 000 0 eng d
040 _aBD-DhSAU
082 _222
_a631.4
_bY33
100 _aYeasmin , Mst. Dilruba
_4Registration No: 16-07538
245 _aEffect of NPK Briquette fertilization on the growth and yield of Aromatic Ricevariety BRRI Dhan70 /
_cYeasmin , Mst. Dilruba
_bMs Thesis
260 _aSher-e- Bangla Agricultural University :
_bDepartment of Soil science,
_c2017.
300 _avii , 55 p. :
_bill. ,
_c30 cm.
500 _aMS thesis of Department of Soil Science, Faculty of Agriculture, Sher-e-Bangla Agricultural University, Dhaka, Bangladesh
504 _aIncludes bibliographical references.
590 _aShofi
650 _aSoil Science
650 _a NPK Briquette fertilization
650 _aAromatic Rice
650 _aBRRI Dhan70
700 _aPaul , Alok Kumar
_eSupervisor
700 _aJahan , Mst. Afrose
_eCo-Supervisor
856 _uhttp://archive.saulibrary.edu.bd:8080/xmlui/handle/123456789/2489
_yOnline Access
942 _2ddc
_cTHESIS
999 _c14651
_d14650